Načítá se...
LEADER 00781nam a22001817a 4500
082 |a 894.M3  |b BHA17/K P0 
100 |a കുളത്തൂര്‍ ഭാസ്കരന്‍ നായര്‍;  |9 31582 
100 |a Kulathoor Bhaskaran Nair  |9 28404 
240 |a Karppoorachoodu 
245 |a കര്‍പ്പൂരച്ചൂട് 
250 |a 1st 
260 |a Calicut;  |b Lipi Publications;  |c 2000 
300 |a 80p. 
650 |a മലയാളം; മലയാളം നോവല്‍  |9 31583 
650 |a Malayalam; Malayalam Novel; Literature; Malayalam Fiction  |9 31584 
942 |c BK 
999 |c 36191  |d 36191 
952 |0 0  |1 0  |4 0  |6 894_000000000000000_M3_BHA17_K_P0  |7 0  |8 FIC  |9 40577  |a MAL  |b MAL  |d 2015-06-04  |e 44872  |g 35.00  |l 0  |o 894.M3 BHA17/K P0  |p MAL044872  |r 2015-06-04  |t 1  |w 2015-06-04  |y BK